000 00632cam a22002172 4500
001 0000003815
005 20151217151935.0
008 070515s xx 000 0 eng d
020 _a0521459125 :
_cKES 5,700
040 _aKABU
_cKABU
050 0 _aQC718
_b.B69
100 1 _aBoyd, T. J. M.
_@0000153997
245 1 4 _aThe Physics of plasmas /
_cT. J. M. Boyd, J. J. Sanderson.
260 _aCambridge :
_bCUP,
_c2003.
300 _axii, 532 p.
650 0 _aPlasma (Ionized gases)
_@0000067790
700 1 _aSanderson, J. J.
_@0000153998
908 _a070515
950 _@1
999 _c6541
_d6541